000 00880nam a2200325Ia 4500
001 16785
005 20240113235729.0
007 ta
008 170804s1991 ii a g b000 u asm u
020 _cRs. 20.00 (Hard)
040 _aCotton College,Assam
041 _aasm
082 _a891.413
_bSh 11 BO
100 _aSarma, Suresh .
245 0 _aBaraphar Phool /
_cSuresh Sarma.
_hTextual Documents
250 _a1st ed. /
260 _aGuwahati :
_bLawyers Book Stall ,
_c1991.
300 _a69p. :
_bill ;
_c22cm .
365 _aRs. 20.00
653 _aT/G-Assamese Fiction-Collections
653 _aAssamese Short Stories
653 _aShort Stories-Assamese
653 _aT/G-ASSAMESE(COLLECTION)
653 _aT/G-Assamese
942 _2ddc
_cBK
999 _c16767
_d16767